[Event "FICGS class F 000082 email"]
[Site "FICGS email"]
[Date "2010.02.11"]
[Round "1"]
[White "Estieu, Frederic"]
[Black "Orden, Jorge"]
[Result "1-0"]
[WhiteElo "1065"]
[BlackElo "1165"]
[PlyCount "107"]
[EventDate "2010.??.??"]
[EventType "tourn (corr)"]
[EventRounds "5"]
[SourceTitle "Corr 2013"]
[Source "ChessBase"]
[SourceDate "2012.11.12"]
[SourceVersion "1"]
[SourceVersionDate "2012.11.12"]
[SourceQuality "1"]

1. e4 c5 2. Nf3 d6 3. c3 Nf6 4. d3 e6 5. Bg5 Be7 6. Nbd2 0-0 7. Be2 Nc6 8. d4 a6 9. 0-0 b5 10. e5 dxe5 11. dxe5 Nd5 12. Bxe7 Ndxe7 13. Nb3 Nf5 14. Nxc5 Qe7 15. b4 Rd8 16. Qc2 a5 17. a3 axb4 18. axb4 Bd7 19. Rxa8 Rxa8 20. Nxd7 Qxd7 21. Rd1 Qc7 22. Bd3 Nxe5 23. Nxe5 Qxe5 24. Qd2 Rd8 25. Qc2 g6 26. Bxf5 Rd6 27. Bd3 f5 28. g3 Kg7 29. Qe2 Qxc3 30. Bxb5 Qxb4 31. Rxd6 Qxd6 32. Qc4 Qd1+ 33. Qf1 Qf3 34. Be2 Qe4 35. Qd1 h5 36. Qd7+ Kh6 37. Bf1 e5 38. Qf7 f4 39. Qf8+ Kg5 40. gxf4+ Qxf4 41. Qxf4+ exf4 42. Bd3 h4 43. Kg2 Kh5 44. Kf3 g5 45. Bf5 h3 46. Bxh3 Kh4 47. Bf5 Kh5 48. Ke4 Kh4 49. h3 Kh5 50. f3 Kh6 51. Bg4 Kg6 52. Ke5 Kg7 53. Kf5 Kh6 54. Kf6 1-0

[Event "FICGS rapid E 000023 email"]
[Site "FICGS email"]
[Date "2010.01.24"]
[Round "1"]
[White "Estieu, Frederic"]
[Black "Houtzager, Lex"]
[Result "1-0"]
[WhiteElo "1065"]
[BlackElo "1300"]
[PlyCount "31"]
[EventDate "2010.??.??"]
[EventType "tourn (rapid)"]
[EventRounds "5"]
[SourceTitle "Corr 2013"]
[Source "ChessBase"]
[SourceDate "2012.11.12"]
[SourceVersion "1"]
[SourceVersionDate "2012.11.12"]
[SourceQuality "1"]

1. e4 e5 2. Nf3 Nc6 3. d4 d6 4. dxe5 Bg4 5. Bc4 Nxe5 6. Be2 h6 7. Be3 a6 8. Nbd2 Qd7 9. h3 Be6 10. Nxe5 dxe5 11. Nf3 f6 12. Qxd7+ Kxd7 13. 0-0 Rd8 14. Rfd1+ Kc8 15. Rxd8+ Kxd8 16. Rd1+ 1-0

[Event "FICGS rapid E 000023 email"]
[Site "FICGS email"]
[Date "2010.01.24"]
[Round "1"]
[White "Quanter, Kirsty"]
[Black "Estieu, Frederic"]
[Result "0-1"]
[WhiteElo "1188"]
[BlackElo "1065"]
[PlyCount "122"]
[EventDate "2010.??.??"]
[EventType "tourn (rapid)"]
[EventRounds "5"]
[SourceTitle "Corr 2013"]
[Source "ChessBase"]
[SourceDate "2012.11.12"]
[SourceVersion "1"]
[SourceVersionDate "2012.11.12"]
[SourceQuality "1"]

1. e4 e5 2. Nf3 Nf6 3. c4 Nc6 4. b3 Bc5 5. a3 d6 6. b4 Bg4 7. h3 Bxf3 8. Qxf3 Bb6 9. Bb2 0-0 10. b5 Nd4 11. Bxd4 Bxd4 12. Nc3 Bxc3 13. dxc3 Qd7 14. g4 Rad8 15. g5 Ne8 16. h4 f6 17. Bh3 Qe7 18. gxf6 Nxf6 19. Qe2 h6 20. Bg4 Nxg4 21. Qxg4 Qf6 22. Rg1 Qxf2+ 23. Kd1 Qf3+ 24. Qxf3 Rxf3 25. Kd2 Rdf8 26. Ke2 Rf2+ 27. Ke1 Rc2 28. Rg3 Rff2 29. h5 Rh2 30. Kd1 Rcg2 31. Rxg2 Rxg2 32. Rc1 Rh2 33. a4 Rxh5 34. Kc2 Rh2+ 35. Kb3 h5 36. Kb4 g5 37. c5 g4 38. Rg1 Rh3 39. cxd6 cxd6 40. c4 h4 41. Rxg4+ Kh7 42. Rg1 Re3 43. Rh1 Rxe4 44. a5 Kh6 45. Kc3 Kh5 46. Kd3 Rd4+ 47. Ke3 Rxc4 48. Rd1 Rc5 49. Rxd6 Rxb5 50. a6 bxa6 51. Rxa6 Rb6 52. Rxa7 h3 53. Kf3 Rh6 54. Kg3 Kg5 55. Ra1 h2 56. Rh1 Kf5 57. Rxh2 Rxh2 58. Kxh2 Kf4 59. Kg2 Ke3 60. Kf1 Kd2 61. Kf2 e4 0-1

[Event "Avoine op 22nd"]
[Site "Avoine"]
[Date "2007.07.28"]
[Round "8"]
[White "Ollier, Pablo"]
[Black "Estieu, Frederic"]
[Result "1-0"]
[WhiteElo "2128"]
[BlackElo "1730"]
[PlyCount "57"]
[EventDate "2007.07.21"]
[EventType "swiss"]
[EventRounds "9"]
[EventCountry "FRA"]
[SourceTitle "EXT 2010"]
[Source "ChessBase"]
[SourceDate "2010.11.25"]
[SourceVersion "1"]
[SourceVersionDate "2010.11.25"]
[SourceQuality "1"]

1. d4 d5 2. c4 c6 3. Nf3 Nd7 4. cxd5 cxd5 5. Nc3 e6 6. Bf4 a6 7. e3 Ngf6 8. Bd3 Bb4 9. 0-0 b5 10. a4 Bxc3 11. bxc3 bxa4 12. Qxa4 Bb7 13. Rfb1 Qc8 14. Qb4 Bc6 15. h3 Bb5 16. Bxb5 axb5 17. Nd2 Rxa1 18. Rxa1 Ng8 19. Bd6 f6 20. e4 dxe4 21. Nxe4 Kf7 22. Ra7 Kg6 23. Qxb5 f5 24. Rc7 Qe8 25. Rxd7 Nh6 26. Nc5 Nf7 27. Qb7 Nxd6 28. Rxd6 Rf8 29. Rxe6+ 1-0